Kto získa budúcich dôchodcov ?

Začiatkom roku 2004 sa otvorí trh dôchodkového poistenia. Do dôchodkových fondov by malo prúdiť okolo 20 mld. Sk ročne. Najväčší hráči finančného trhu uvažujúci spravovať tieto fondy. Potenciálni klienti.

Uložené v:
Podrobná bibliografia
Hlavný autor: Môciková, Renata
Médium: Kapitola
Jazyk:Slovak
Predmet:
Tagy: Pridať tag
Žiadne tagy, Buďte prvý, kto otaguje tento záznam!

MARC

LEADER 00000naa a2200000 4500
001 r048366
005 20230929113707.2
041 0 |a slo 
044 |a SK 
245 1 0 |a Kto získa budúcich dôchodcov ?  |c Renata Môciková 
520 |a Začiatkom roku 2004 sa otvorí trh dôchodkového poistenia. Do dôchodkových fondov by malo prúdiť okolo 20 mld. Sk ročne. Najväčší hráči finančného trhu uvažujúci spravovať tieto fondy. Potenciálni klienti. 
610 2 0 |a poistenie dôchodkové 
610 2 0 |a poistenie dôchodkové doplnkové 
610 2 0 |a trh finančný 
610 2 0 |a Slovensko 
610 2 0 |a klienti 
610 2 0 |a licencie 
100 1 |a Môciková, Renata